Computer algorithms : introduction to design and analysis (Record no. 7658)
[ view plain ]
| 000 -LEADER | |
|---|---|
| fixed length control field | 00551 a2200181 4500 |
| 020 ## - INTERNATIONAL STANDARD BOOK NUMBER | |
| International Standard Book Number | 8178081717 |
| 040 ## - CATALOGING SOURCE | |
| Original cataloging agency | DLC |
| Language of cataloging | DLC |
| 082 ## - DEWEY DECIMAL CLASSIFICATION NUMBER | |
| Classification number | 519.7 |
| 100 ## - MAIN ENTRY--PERSONAL NAME | |
| Personal name | Baase, Sara. |
| 245 ## - TITLE STATEMENT | |
| Title | Computer algorithms : introduction to design and analysis |
| Medium | Sara, Baase. |
| 250 ## - EDITION STATEMENT | |
| Edition statement | 3rd ed. |
| 260 ## - PUBLICATION, DISTRIBUTION, ETC. | |
| Place of publication, distribution, etc. | Singapore: |
| Name of publisher, distributor, etc. | Pearson Education Pte. Ltd., |
| Date of publication, distribution, etc. | 2003. |
| 300 ## - PHYSICAL DESCRIPTION | |
| Extent | xix, 688 p. : |
| Other physical details | ill. ; |
| Dimensions | 25 cm. |
| 500 ## - GENERAL NOTE | |
| General note | Includes bibliographical references and index |
| 650 ## - SUBJECT ADDED ENTRY--TOPICAL TERM | |
| Topical term or geographic name entry element | Computer algorithms. |
| 700 ## - ADDED ENTRY--PERSONAL NAME | |
| Personal name | Van Gelder, Allen. |
| 942 ## - ADDED ENTRY ELEMENTS (KOHA) | |
| Koha item type | Book |
| Call number prefix | 519.7 BAA |
| Source of classification or shelving scheme | |
| Withdrawn status | Lost status | Damaged status | Not for loan | Collection code | Permanent Location | Current Location | Shelving location | Date acquired | Source of acquisition | Cost, normal purchase price | Total Checkouts | Full call number | Barcode | Date last seen | Price effective from | Koha item type |
|---|---|---|---|---|---|---|---|---|---|---|---|---|---|---|---|---|
| Central Library (CL) | Central Library (CL) | General Stacks | 12/19/2003 | Allied Book Company | 444.60 | 519.7 BAA | SEECS004016 | 01/11/2019 | 01/05/2017 | Book | ||||||
| Central Library (CL) | Central Library (CL) | General Stacks | 10/16/2004 | Progressive International Agencies | 462.15 | 519.7 BAA | SEECS004887 | 01/11/2019 | 01/05/2017 | Book | ||||||
| Central Library (CL) | Central Library (CL) | General Stacks | 10/12/2004 | Allied Book Company | 292.50 | 519.7 BAA | SEECS004843 | 01/11/2019 | 01/05/2017 | Book |
